Key aspects of recovery : (Record no. 19048)

000 -LEADER
fixed length control field 00738pam a2200265 a 4500
020 ## - INTERNATIONAL STANDARD BOOK NUMBER
ISBN 0826172903
040 ## - CATALOGING SOURCE
Transcribing agency DLC
082 00 - DEWEY DECIMAL CLASSIFICATION NUMBER
Classification number 610 SPR 1990 C159 Or.
245 00 - TITLE STATEMENT
Title Key aspects of recovery :
Remainder of title improving nutrition, rest, and mobility /
260 ## - PUBLICATION, DISTRIBUTION, ETC. (IMPRINT)
Place of publication New York :
Name of publisher Springer Pub. Co.,
Year of publication c1990.
300 ## - PHYSICAL DESCRIPTION
Number of Pages xvii, 350 p. :
Other physical details ill. ;
Dimensions 24 cm.
650 #0 - SUBJECT ADDED ENTRY--TOPICAL TERM
Topical Term Nursing.
650 #0 - SUBJECT ADDED ENTRY--TOPICAL TERM
Topical Term Rehabilitation.
650 #0 - SUBJECT ADDED ENTRY--TOPICAL TERM
Topical Term Diet therapy.
650 #0 - SUBJECT ADDED ENTRY--TOPICAL TERM
Topical Term Geriatric nursing.
650 #0 - SUBJECT ADDED ENTRY--TOPICAL TERM
Topical Term Maternity nursing.
650 #2 - SUBJECT ADDED ENTRY--TOPICAL TERM
Topical Term Bed Rest.
650 #2 - SUBJECT ADDED ENTRY--TOPICAL TERM
Topical Term Infant, Premature, Diseases
650 #2 - SUBJECT ADDED ENTRY--TOPICAL TERM
Topical Term Motor Activity.
650 #2 - SUBJECT ADDED ENTRY--TOPICAL TERM
Topical Term Nutrition.
650 #2 - SUBJECT ADDED ENTRY--TOPICAL TERM
Topical Term Postoperative Care
650 #2 - SUBJECT ADDED ENTRY--TOPICAL TERM
Topical Term Wounds and Injuries
700 1# - ADDED ENTRY--PERSONAL NAME
Personal name Funk, Sandra G.
942 ## - ADDED ENTRY ELEMENTS (KOHA)
Koha item type ADB
952 ## - LOCATION AND ITEM INFORMATION (KOHA)
Withdrawn status [LOCAL, KOHA] 0
Holdings
Koha item type Source of acquisition Lost status Permanent Location Current Location Date acquired Full call number
សៀវភៅភាសាអង់គ្លេសA38414 Library Block CLibrary Block C2020-03-03610 SPR 1990 C159 Or.
មជ្ឈមណ្ឌលឯការនៃសាកលវិទ្យាល័យភូមិន្ទកសិកម្មចំការដូង

Powered by Koha